000 00633nam a2200205 i 4500
001 117997
003 ES-MaACL
005 20251009195157.0
007 t|
008 070214s1917 sp r ||||1| spa d
100 1 _aPereyra, Carlos,
_d1871-1942
_990541
245 1 3 _aEl general Sucre /
_cCarlos Pereyra.
260 _aMadrid :
_bJuan Pueyo,
_c1917.
300 _a304 p. ;
_c20 cm.
600 1 7 _aSucre, Antonio José de,
_d1795-1830
_2
_9159067
651 4 _aAmérica española-
_xHistoria-
_y1806-1830, Guerras de la Independencia.
_97726
852 _aES-MaACL
_jF-4479
852 _aES-MaACL
_jF-8445
999 _c117997
_d117997